00720nam a2200217Ia 4500008004100000020001600041050000800057050001000065100001600075245003800091245005400129260001300183260002900196260000900225300001500234500007000249650002400319650002400343999001900367952011600386170203s9999 xx 000 0 und d a0-416166520 aFic bM659c aMilne, A.A. aChristopher Robin gives a party / cby A.A. Milne ; illustrated by Ernest H. Shepard. aLondon : bMethuen Children's book. c1973 a26 pages : ataken from Winnie-the-Pooh originally published in Great Britain. aEnglish fiction --  xChildren's stories. c306637d306637 001040aSSISBbSSISBcGS FICTIONd2017-02-03l0oFic .M659c 1973pLS-0771r2017-02-03 00:00:00w2017-02-03yBK